Real Boy by Norm the robot(from Phineas and Ferb)lyrics - Statistics

General Stats
  • This quiz has been taken 3 times
  • The average score is 90 of 184
Answer Stats
Lyrics % Correct
a
100%
(a)
100%
be
100%
(be)
100%
boy
100%
(boy)
100%
(boy,)
100%
"doing"
100%
doing
100%
how
100%
"how"
100%
i
100%
no
100%
real
100%
(real)
100%
real,
100%
to
100%
(to)
100%
can
50%
dad
50%
father
50%
feel
50%
feel!
50%
galvanized
50%
he
50%
(he)
50%
heart
50%
his
50%
i'm
50%
insides
50%
joy
50%
just
50%
lonely
50%
me
50%
metal
50%
misfired
50%
on
50%
or
50%
orphan
50%
piston
50%
pop
50%
power
50%
remote
50%
ride
50%
robot
50%
run
50%
scrap
50%
squirrel
50%
teach
50%
titanium
50%
tower
50%
toy
50%
"tyke
50%
tyke
50%
wanna
50%
want
50%
wants
50%
(wants)
50%
"ya"
50%
ya
50%
(yeah)
50%
yeah!
50%
you
50%
all
0%
and
0%
arteries!
0%
ask
0%
asking
0%
battery
0%
bike
0%
brain
0%
but
0%
call
0%
considered
0%
could
0%
don't
0%
dont
0%
embitted
0%
emote
0%
fine,
0%
fishing
0%
flattery
0%
for
0%
give
0%
got
0%
gray
0%
head
0%
if
0%
instead
0%
is
0%
matter-y
0%
more
0%
my
0%
not
0%
of
0%
oh,
0%
out
0%
pat
0%
really
0%
seriously
0%
shorting
0%
should
0%
sits
0%
some
0%
someone
0%
sound
0%
take
0%
thanks
0%
the
0%
things
0%
treadmill
0%
trip
0%
veins
0%
was
0%
what
0%
whenever
0%
where
0%
who'll
0%
No matching quizzes found
Score Distribution
Percent of People with Each Score
Percentile by Number Answered
Your Score History
You have not taken this quiz